Východiská ohodnocovania duševného vlastníctva

Katedra podnikovohospodárska Fakulty podnikového manažmentu Ekonomickej univerzity v Bratislave a jej výskum zameraný na diagnostiku problémov ohodnocovania duševného vlastníctva. Otázky súvisiace s definovaním pojmu duševné vlastníctvo a jeho štruktúry. Problémy ohodnocovania duševného vlastníctva...

Ausführliche Beschreibung

Gespeichert in:
Bibliographische Detailangaben
1. Verfasser: Matušovič, Martin
Format: Buchkapitel
Sprache:Slowakisch
Schlagworte:
Tags: Tag hinzufügen
Keine Tags, Fügen Sie das erste Tag hinzu!

MARC

LEADER 00000nla$a2200000$$$4500
001 0047293
005 20240502083126.2
041 0 |a slo 
044 |a CZ 
245 1 0 |a Východiská ohodnocovania duševného vlastníctva  |c Martin Matušovič 
520 |a Katedra podnikovohospodárska Fakulty podnikového manažmentu Ekonomickej univerzity v Bratislave a jej výskum zameraný na diagnostiku problémov ohodnocovania duševného vlastníctva. Otázky súvisiace s definovaním pojmu duševné vlastníctvo a jeho štruktúry. Problémy ohodnocovania duševného vlastníctva z hľadiska obsahového, právneho a evidennčného. 
610 2 0 |a vlastníctvo duševné 
610 2 0 |a pojmy 
610 2 0 |a výskum 
610 2 0 |a ochrana autorstva 
100 1 |a Matušovič, Martin